MARC

LEADER 00000nam0a2200000 4500
001 351327
005 20231102010407.0
035 |a (RuTPU)RU\TPU\retro\6353 
090 |a 351327 
100 |a 20190603d1909 k y0frey50 ba 
101 0 |a fre 
102 |a FR 
105 |a y z 001zy 
200 1 |a Salariat et Salaires  |f E. Levasseur 
210 |a Paris  |c Octave Doin et Fils, Editeurs  |d 1909 
215 |a XVI, 484, XII p.  |c tabl. 
225 1 |a Encyclopedie Scientifique  |e Bibliotheque d'economie politique 
316 |5 63413507: М-133386  |a На титульном листе владельческая подпись: "Бутаков" 
316 |5 63413507: М-133386  |a На переднем форзаце наклейка с ценой и наценкой на книгу: "G. Doin et Cie Editeurs 15 fr. net" и "G. Doin et Cie Editeurs. Majoration de 40 % sur tous les prix marques" 
317 |5 63413507: М-133386  |a Поступила в НТБ в 1970 г. в составе книжного собрания профессора ТПИ И. Н. Бутакова 
320 |a Подстроч. прим. 
320 |9 572  |a Index bibliographique: p. 459-471 
320 |9 572  |a Table alphabetique des auteurs et des matieres: p. 473-481 
541 1 |a Наемный труд и заработная плата  |z fre 
606 1 |a Франция  |x Экономика  |2 stltpush  |3 (RuTPU)RU\TPU\subj\37253  |9 58347 
606 1 |a Труд на предприятиях  |2 stltpush  |3 (RuTPU)RU\TPU\subj\61965  |9 79126 
610 1 |a политэкономия 
610 1 |a наемный труд 
610 1 |a заработная плата 
610 1 |a рабочее время 
610 1 |a безработица 
610 1 |a прожиточный минимум 
610 1 |a цены 
610 1 |a жилье 
610 1 |a забастовки 
610 1 |a синдикаты 
610 1 |a законы 
610 1 |a протекционизм 
610 1 |a содействие 
610 1 |a самопомощь 
610 1 |a современное состояние 
610 1 |a перспективы 
610 1 |a наемные рабочие 
610 1 |a библиотека И. Н. Бутакова 
610 1 |a владельческая надпись 
610 1 |a оплата труда 
610 1 |a женский труд 
610 1 |a французский язык 
675 |a 658.3  |v 3 
686 |a У9(4Фр)  |v LBC/SL-A  |2 rubbk 
700 1 |a Levasseur  |b E. 
801 1 |a RU  |b 63413507  |c 20190603 
801 2 |a RU  |b 63413507  |c 20220927  |g RCR 
942 |c BK